| 000 | 00620cam a22002053a 4500 | ||
|---|---|---|---|
| 001 | 40566 | ||
| 003 | PGUSA | ||
| 005 | 20140828083915.0 | ||
| 008 | 120823s2012||||xxu|||||s|||||000 | eng d | ||
| 040 |
_aPGUSA _beng |
||
| 042 | _adc | ||
| 100 | 1 |
_aCholmondeley, Mary, _d1859-1925 |
|
| 245 | 1 | 0 |
_aMoth and Rust : _bTogether with Geoffrey's Wife and The Pitfall _h[electronic resource] / _cMary Cholmondeley |
| 260 |
_bProject Gutenberg, _c2012 |
||
| 506 | _aPublic domain in the USA. | ||
| 516 | _aElectronic text | ||
| 830 | 0 |
_aProject Gutenberg _v40566 |
|
| 856 | 4 | 0 | _uhttp://www.gutenberg.org/ebooks/40566 |
| 942 | _cEB | ||
| 999 |
_c269819 _d269819 |
||